| 000 | 00863nam a22002891i 4500 | ||
|---|---|---|---|
| 005 | 20210517111324.0 | ||
| 008 | 210517t1995 nyu |||e ||| ||1 0 eng d | ||
| 020 |
_a9780060987169 _qpaperback |
||
| 040 |
_aPPAK _beng _cPPAK _erda |
||
| 082 | 0 | 4 |
_223 _a613.25 |
| 090 | 0 | 0 |
_a613.25 _bSEA _dKAO |
| 100 | 1 |
_aSears, Barry, _d1947- _eauthor. |
|
| 245 | 1 | 4 |
_aTHE ZONE : _bA Dietary Road Map / _cBarry Sears, Ph.D with Bill Lawren |
| 264 | 1 |
_aNew York : _bReganBooks , _c1995 |
|
| 264 | 4 | _c©1995 | |
| 300 |
_axvii, 328 pages : _bcharts ; _c24 cm. |
||
| 336 |
_2rdacontent _atext |
||
| 337 |
_2rdamedia _aunmediated |
||
| 338 |
_2rdacarrier _avolume |
||
| 500 | _aIncludes index. | ||
| 504 | _aBibliography : pages 271-310. | ||
| 650 | 1 | 0 | _aReducing diet. |
| 650 | 2 | 0 | _aNutrition. |
| 650 | 2 | 0 | _aWeight loss. |
| 700 | 1 |
_aLawren, Bill, _eauthor. |
|
| 942 |
_2ddc _cB |
||
| 999 |
_c183966 _d183966 |
||